000 01470nam a22002537a 4500
003 OSt
005 20250923160502.0
008 250515t2014 ag |||||r|||| 00| p spa d
020 _a978-987-1912-36-0
040 _cAR-RoUNCS
080 _082-1(460)
245 0 0 _a1000 millones :
_bpoesía en lengua española del siglo XXI /
_cselección, edición y prólogo, D.G. Helder, Daiana Henderson, Bernardo Orge.
246 3 _aMil millones :
_bpoesía en lengua española del siglo XXI.
250 _a1a ed.
260 _aRosario :
_bEditorial Municipal de Rosario,
_c2014.
300 _a360 p. ;
_c21 cm.
505 0 _aEscriben: Mara Pastor ; Jeymer Gamboa ; Charly Gradin ; Glaem Parls ; Martín Batallés ; Lizabel Mónica ; Francisco Bitar ; Maggie Torres ; Francisco Tomsich ; Tilsa Otta ; Víctor López Zumelzu ; Laura Jaramillo ; Emma Villazón Richter ; Christian Kent ; Pablo Fidalgo Lareo ; Luis Eduardo García ; Julio Alberto Balcázar ; Pamela Romano ; Nadie ; Mayra Serra ; Ane Carrete ; Yaxkin Melchy ; Greta Montero Barra ; Gerardo Arana ; José Laura ; Berta García Faet ; Johanna Raabe ; Vicente Monroy ; Urpi Orihuela Cruz , Caterina Scicchiatano ; Kevin Castro ; Óscar García Sierra y Alexanda Espinosa.
650 4 _aLITERATURA
_zHISPANOAMERICANA
_ySIGLO XXI
655 4 _aPOESIA
700 1 _aHelder, D. G.,
_eSelector
_d1961-
700 1 _aHenderson, Diana,
_eSelector
_d1988-
700 1 _aOrge, Bernardo,
_eselector
_d1988-
942 _2udc
_cLPD
_n0
999 _c496
_d496